000
00318nam a2200121 a 4500
005
20140414131918.0
008
101020s19uu xx 00 eng d
050
_a
ER
_b
F87 1995
100
_a
Levin, Nancy
245
_a
Free Willy :
_b
Talking to animals.
260
_a
New York :
_b
Scholastic ,
_c
1995.
999
_c
111570
_d
111570